Tilastot visalle Satunnaisia Sanoja Maiden Nimissä - Satunnaisesti

Klikkaa tästä pelataksesi tätä visaa!

Yleistilastot

  • Tätä visaa on pelattu 143 kertaa
  • Keskiarvotulos 9 / 15

Vastaustilastot

SanaMaa% Oikein
alankoAlankomaat
100%
eriAlgeria /Eritrea /
Liberia /Nigeria
100%
antiAntigua ja Barbuda / Irlanti /
Islanti / Uusi-Seelanti
100%
eninBenin
100%
kinaBurkina Faso
100%
hileChile
100%
ostariCosta Rica
100%
miniDominica /
Dominikaaninen tasavalta
100%
hanaGhana
100%
haiHaiti / Thaimaa
100%
raeIsrael
100%
taliItalia
100%
valtaItävalta /
Dominikaaninen tasavalta ...
100%
aikaJamaika
100%
kenKenia
100%
rokkoMarokko
100%
marsMarshallinsaaret
100%
alliMarshallinsaaret
100%
ritaMauritania
100%
mikroMikronesia
100%
namiNamibia
100%
norjaNorja
100%
päiväPäiväntasaajan Guinea
100%
tasaajaPäiväntasaajan Guinea
100%
lestiPalestiina
100%
uusiPapua-Uusi-Guinea/
Uusi-Seelanti
100%
peruPeru
100%
puolaPuola
100%
maniaRomania
100%
arabiSaudi-Arabia /
Yhdistyneet arabiemiirikunnat
100%
abiSaudi-Arabia /
Yhdistyneet arabiemiirikunnat
100%
somaSomalia
100%
surinaSuriname
100%
veitsiSveitsi
100%
syySyyria
100%
ansaTansania
100%
haimaThaimaa
100%
šekkiTšekki
100%
valuTuvalu
100%
emiiriYhdistyneet arabiemiirikunnat
100%
rikkaEtelä-Afrikka
75%
lesoLesotho
67%
luuNorsunluurannikko
67%
saajaPäiväntasaajan Guinea
67%
ostaCosta Rica
50%
alaGuatemala/ Malawi /
Palau
50%
koluKolumbia
50%
aroMarokko
50%
puolaPuola
50%
nytYhdistynyt Kuningaskunta
50%
anisAfganistan
0%
lankoAlankomaat
0%
omaAlankomaat / Romania /
Oman / Somalia
0%
maaAlankomaat / Swazimaa /
Thaimaa
0%
aliAustralia / Italia / Mali /
Portugali / Somalia
0%
hamaBahama
0%
egoBosnia ja Hertsegovina
0%
oviBosnia ja Hertsegovina
0%
eiBrunei / Kreikka / Sveitsi /
Liechtenstein
0%
kaaniDominikaaninen tasavalta /
Vatikaanivaltio
0%
eteläEtelä-Afrikka / Etelä-Korea /
Etelä-Sudan
0%
koreaEtelä-Korea / Pohjois-Korea
0%
orgiaGeorgia
0%
tätiItä-Timor
0%
ItäItä-Timor /
Itävalta
0%
jamaJamaika
0%
kanaKanada
0%
oriKomorit
0%
emoKongon demokraattinen
tasavalta
0%
kuuKuuba
0%
askarMadagaskar
0%
halliMarshallinsaaret
0%
tiuMauritius
0%
osaMosambik
0%
nauruNauru
0%
orjaNorja
0%
norsuNorsunluurannikko
0%
rannikkoNorsunluurannikko
0%
uraNorsunluurannikko /
Honduras
0%
palaPalau
0%
apuPapua-Uusi-Guinea
0%
papuPapua-Uusi-Guinea
0%
saloSalomonsaaret
0%
poreSingapore
0%
lankaSri Lanka
0%
urinaSuriname
0%
taiTaiwan
0%
uniTunisia
0%
turkkiTurkki
0%
rainaUkraina
0%
ainaUkraina
0%
kariUnkari
0%
vanuVanuatu
0%
vatiVatikaanivaltio
0%
nivaVatikaanivaltio
0%
ivaVatikaanivaltio
0%
valtioVatikaanivaltio
0%
veneVenezuela
0%
kuningasYhdistynyt Kuningaskunta
0%
kuntaYhdistynyt Kuningaskunta
0%
allaYhdysvallat
0%

Tulosjakauma

Persentiili vastausten määrän mukaan

Jokaisen tuloksen saaneiden osuus

Tuloshistoriasi

Et ole pelannut tätä visaa